[Event "Sachsen-ch U14"]
[Site "Sebnitz"]
[Date "2012.04.11"]
[Round "3"]
[White "Essler, Oskar"]
[Black "Birkenheuer, Simon"]
[Result "1-0"]
[WhiteElo "1570"]
[BlackElo "1513"]
[PlyCount "97"]
[EventDate "2012.04.10"]
[EventType "swiss"]
[EventRounds "7"]
[EventCountry "GER"]
[SourceTitle "CBM 148 Extra"]
[Source "ChessBase"]
[SourceDate "2012.06.22"]
[SourceVersion "1"]
[SourceVersionDate "2012.06.22"]
[SourceQuality "1"]

1. e4 e6 2. d4 d5 3. Nc3 Nf6 4. e5 Nfd7 5. f4 c5 6. Nf3 Nc6 7. Be3 Be7 8. dxc5 Nxc5 9. Qd2 0-0 10. Be2 a6 11. 0-0 b5 12. a3 Qc7 13. Nd4 Nxd4 14. Qxd4 Rd8 15. Bf3 Rb8 16. Rfd1 Bd7 17. b4 Nb7 18. Rac1 Rdc8 19. Ne2 Be8 20. Ng3 f6 21. Bh5 Bxh5 22. Nxh5 f5 23. Qd3 Qc3 24. Bd4 Qxd3 25. Rxd3 Rc4 26. c3 Rbc8 27. Re1 Kf7 28. h3 Kg6 29. g4 Nd8 30. Re2 Nc6 31. Be3 Nd8 32. Bd2 Nf7 33. Rg2 Nh6 34. Rdg3 fxg4 35. hxg4 Kf7 36. f5 exf5 37. Bxh6 gxh6 38. gxf5 Bg5 39. Rd3 Rd8 40. Re2 Re4 41. Rxe4 dxe4 42. Rxd8 Bxd8 43. Kf2 Bc7 44. e6+ Ke7 45. Ke3 Be5 46. Kxe4 Bxc3 47. Kd5 Bb2 48. f6+ Ke8 49. Ng7+ 1-0

[Event "GER-chT U12"]
[Site "Gross Doelln"]
[Date "2010.12.29"]
[Round "6.3"]
[White "Greif, Gavin"]
[Black "Birkenheuer, Simon"]
[Result "1/2-1/2"]
[WhiteElo "1548"]
[BlackElo "1486"]
[PlyCount "35"]
[EventDate "2010.12.27"]
[EventType "team-swiss"]
[EventRounds "7"]
[EventCountry "GER"]
[SourceTitle "CBM 140 Extra"]
[Source "ChessBase"]
[SourceDate "2011.03.01"]
[SourceVersion "1"]
[SourceVersionDate "2011.03.01"]
[SourceQuality "1"]
[WhiteTeam "Frankfurt Makkabi U12"]
[BlackTeam "Dresden USV TU U12"]
[WhiteTeamCountry "GER"]
[BlackTeamCountry "GER"]

1. e4 e6 2. d4 d5 3. Nd2 c5 4. exd5 exd5 5. Ngf3 Nc6 6. Bb5 Nf6 7. 0-0 Be7 8. dxc5 Bxc5 9. Nb3 Be7 10. Bf4 0-0 11. Nfd4 Qb6 12. Nxc6 bxc6 13. Bd3 Ba6 14. Re1 Bxd3 15. Qxd3 Qd8 16. Re3 Bd6 17. Bxd6 Qxd6 18. Rh3 1/2-1/2